| 000 | 00891nam a2200217Ia 4500 | ||
|---|---|---|---|
| 999 |
_c5068 _d5068 |
||
| 003 | OSt | ||
| 005 | 20200513145016.0 | ||
| 008 | 191128s1975 ck a gr 000 0 spa d | ||
| 040 |
_aCO-JMCR _cCO-JMCR |
||
| 041 | 1 | _aspa | |
| 082 | 0 | 4 |
_a307.2409861 / _bC172m _223 |
| 100 | 1 |
_aCardona Gutiérrez, Ramiro, _eeditor _94285 |
|
| 245 | 1 | 4 |
_aLas migraciones internas / _cRamiro Cardona Gutiérrez, Ethel Rodriguez Espada |
| 260 |
_aBogotá : _bAsociación Colombiana de Facultades de Medicina, _c1975 |
||
| 300 |
_a385 páginas : _bilustraciones en blanco y negro ; _c24cm. |
||
| 505 | _aEstudios de migración en latinoamerica -- Estudios de migración en colombia -- Marginalidad -- Algunos aspectos de urbanización | ||
| 650 | 1 | 4 |
_aMigración interna _zBogotá _94293 |
| 650 | 2 | 4 |
_aMigración rural-urbana _zBogotá _94294 |
| 700 | 1 |
_aRodruiguez Espada, Ethel, _eeditor _94295 |
|
| 942 |
_2ddc _cBK |
||